000 00455cam a2200193ua 4500
001 253
008 110326n ii |||gr||||Z||||||eng
040 _cMAIN
082 _a301
245 _aPrincip[les of sociology.
_cBy R.N. Sharma.
250 _a2nd.
260 _aMumbai.:
_bMPP,
_c2003.
300 _axi, 480 p.:4 cm.
653 _aSociology.
653 _aPrinciples.
653 _aPrinciples of sociology.
700 _aSharma, R.N.,
942 _cBK
999 _c214
_d214